Supplemento a "Camminiamo anche noi in novità di vita" (Record n. 98498)
[ formato base ]
| 000 -LEADER | |
|---|---|
| fixed length control field | 01028nam a22001817a 4500 |
| 003 - CONTROL NUMBER IDENTIFIER | |
| control field | IT-RoPau |
| 005 - DATE AND TIME OF LATEST TRANSACTION | |
| control field | 20220918181105.0 |
| 008 - FIXED-LENGTH DATA ELEMENTS--GENERAL INFORMATION | |
| fixed length control field | 130508b xxu||||| |||| 00| 0 eng d |
| 040 ## - CATALOGING SOURCE | |
| Transcribing agency | IT-RoPau |
| 100 ## - MAIN ENTRY--PERSONAL NAME | |
| Personal name | Centro di Spiritualità Paolina |
| 9 (RLIN) | 518 |
| 245 ## - TITLE STATEMENT | |
| Title | Supplemento a "Camminiamo anche noi in novità di vita" |
| 250 ## - EDITION STATEMENT | |
| Edition statement | 1° ed |
| 260 ## - PUBLICATION, DISTRIBUTION, ETC. (IMPRINT) | |
| Place of publication, distribution, etc. | Ariccia (Roma) |
| Name of publisher, distributor, etc. | Centro di Spiritualità Paolina - Casa Divino Maestro |
| Date of publication, distribution, etc. | 1979 |
| 300 ## - PHYSICAL DESCRIPTION | |
| Extent | 20 pp. |
| Dimensions | 33 cm |
| 490 ## - SERIES STATEMENT | |
| Series statement | "Camminiamo anche noi in novità di vita" |
| Volume/sequential designation | n° 3 - Febbraio 1979 |
| 520 ## - SUMMARY, ETC. | |
| Summary, etc. | Sommario<br/><br/>I. Discepoli di Cristo, per imparare a pregare"<br/>II. Con la Bibbia "E' tutto l'essere che prega"<br/>III. Gesù Cristo: Incontro radicale dell'essere umano con Dio<br/>IV. Liturgia: Le dimensioni della preghiera in Cristo<br/>V. Preghiera biblica di Maria<br/>VI. Spazio vitale per la preghiera: Sapienza - Contemplazione<br/>VII. Prgehiera integrale dell'uomo di azione<br/>VIII. La preghiera dell'Apostolo Paolo<br/>IX. "Mettere innanzi a Dio tutto il nostro essere" |
| 942 ## - ADDED ENTRY ELEMENTS (KOHA) | |
| Source of classification or shelving scheme | Dewey Decimal Classification |
| Koha item type | RIVISTA |
| Withdrawn status | Lost status | Source of classification or shelving scheme | Damaged status | Not for loan | Home library | Current library | Date acquired | Total Checkouts | Full call number | Barcode | Date last seen | Price effective from | Koha item type |
|---|---|---|---|---|---|---|---|---|---|---|---|---|---|
| Dewey Decimal Classification | Buone Condizioni | Not For Loan | PAULUS-BIBLIOTECA | PAULUS-BIBLIOTECA | 08/05/2013 | P C6 | Sp FP 12 | 08/05/2013 | 08/05/2013 | RIVISTA |